[Event "GER-ch Seniors 22nd"]
[Site "Berlin"]
[Date "2010.08.18"]
[Round "3"]
[White "Franke, Helmut"]
[Black "Siegmeyer, Ingo"]
[Result "1-0"]
[WhiteElo "1622"]
[BlackElo "1454"]
[PlyCount "39"]
[EventDate "2010.08.16"]
[EventType "swiss"]
[EventRounds "9"]
[EventCountry "GER"]
[SourceTitle "CBM 138 Extra"]
[Source "ChessBase"]
[SourceDate "2010.10.29"]
[SourceVersion "1"]
[SourceVersionDate "2010.10.29"]
[SourceQuality "1"]

1. e4 e6 2. d4 d5 3. e5 c5 4. c3 Qb6 5. Nf3 Nc6 6. Be2 Nh6 7. Bxh6 Qxb2 8. 0-0 gxh6 9. Nbd2 Qxc3 10. Rc1 Qa3 11. Bb5 Bd7 12. Qc2 c4 13. Rfe1 a6 14. Bxc4 dxc4 15. Nxc4 Qe7 16. Nd6+ Kd8 17. Nxb7+ Ke8 18. Nd6+ Kd8 19. Qa4 Nxe5 20. Qa5# 1-0